000 00740nam a2200265Ia 4500
005 20260121165127.0
008 008 260114s9999 xx 000 0 eng d
020 _a9781137596260
037 _aEBOOK
040 _aCRL
040 _beng
040 _cCRL
041 _2eng
041 _aeng
084 _qCRL
100 _aAnna-Lena Högenauer, Christine Neuhold, Thomas Christiansen, Thomas Christiansen, Anna-Lena Högenauer
_91047860
245 0 _aParliamentary Administrations in the European Union
260 _bSpringer
260 _bSpringer
260 _c2016
856 _uhttps://link.springer.com/openurl?genre=book&isbn=978-1-137-59626-0
942 _cEBOOK
999 _c1613585
_d1613585